Astronautics (Record no. 16967)

MARC details
000 -LEADER
fixed length control field 00607nam a2200205Ia 4500
003 - CONTROL NUMBER IDENTIFIER
control field IN-BaIIA
008 - FIXED-LENGTH DATA ELEMENTS--GENERAL INFORMATION
fixed length control field 211028s9999 xx 000 0 eng d
020 ## - INTERNATIONAL STANDARD BOOK NUMBER
International Standard Book Number 978-3-527-40685-2
040 ## - CATALOGING SOURCE
Transcribing agency IIA Library
080 ## - UNIVERSAL DECIMAL CLASSIFICATION NUMBER
Universal Decimal Classification number 629.78
Item number WAL
100 ## - MAIN ENTRY--PERSONAL NAME
Personal name Walter, Ulrich
9 (RLIN) 31796
245 #0 - TITLE STATEMENT
Title Astronautics
Statement of responsibility, etc. Ulrich Walter
260 ## - PUBLICATION, DISTRIBUTION, ETC.
Place of publication, distribution, etc. Weinheim
Name of publisher, distributor, etc. Wiley-VCH Verlag Gmbh
Date of publication, distribution, etc. 2008
300 ## - PHYSICAL DESCRIPTION
Extent xxiv, 484p.
650 ## - SUBJECT ADDED ENTRY--TOPICAL TERM
Topical term or geographic name entry element Astronautic relationships
9 (RLIN) 31797
650 ## - SUBJECT ADDED ENTRY--TOPICAL TERM
Topical term or geographic name entry element Astronautics
650 ## - SUBJECT ADDED ENTRY--TOPICAL TERM
Topical term or geographic name entry element Rocket flight
9 (RLIN) 31798
650 ## - SUBJECT ADDED ENTRY--TOPICAL TERM
Topical term or geographic name entry element Rocket fundamentals
9 (RLIN) 31799
942 ## - ADDED ENTRY ELEMENTS (KOHA)
Koha item type Books
Holdings
Withdrawn status Lost status Damaged status Not for loan Home library Current library Shelving location Date acquired Source of acquisition Cost, normal purchase price Total Checkouts Full call number Barcode Date last seen Cost, replacement price Price effective from Koha item type Purchase Price
        IIA Library-Bangalore IIA Library-Bangalore General Stacks 06/08/2008 NEB 5584.00   629.78/ WAL 17889 05/11/2021 5584.00 06/08/2008 Books Rs. 5584.00

Powered by Koha